Normal view
MARC view
Entry Personal Name
001 - CONTROL NUMBER
- control field: 7017
003 - CONTROL NUMBER IDENTIFIER
- control field: HDC
005 - DATE AND TIME OF LATEST TRANSACTION
- control field: 20230624073239.0
008 - FIXED-LENGTH DATA ELEMENTS
- fixed length control field: 210124|| aca||aabn | a|a d
040 ## - CATALOGING SOURCE
- Original cataloging agency: HDC
- Transcribing agency: HDC
100 ## - HEADING--PERSONAL NAME
- Personal name: Keller, W.A.
670 ## - SOURCE DATA FOUND
- Source citation: Work cat.: (HDC): Keller, W.A., author, Development and Processing of Vegetable Oils for Human Nutrition :, 1995
